A service discovery framework in ipv6 over low-power wireless personal area network / (رقم التسجيلة. 59050)

تفاصيل مارك
000 -LEADER
fixed length control field 01901cam a2200325 a 4500
003 - CONTROL NUMBER IDENTIFIER
control field EG-GiCUC
005 - DATE AND TIME OF LATEST TRANSACTION
control field 20250223031627.0
008 - FIXED-LENGTH DATA ELEMENTS--GENERAL INFORMATION
fixed length control field 161218s2016 ua deh f m 000 0 eng d
040 ## - CATALOGING SOURCE
Original cataloging agency EG-GiCUC
Language of cataloging eng
Transcribing agency EG-GiCUC
041 0# - LANGUAGE CODE
Language code of text/sound track or separate title eng
049 ## - LOCAL HOLDINGS (OCLC)
Holding library Deposite
097 ## - Thesis Degree
Thesis Level M.Sc
099 ## - LOCAL FREE-TEXT CALL NUMBER (OCLC)
Classification number Cai01.13.08.M.Sc.2016.Kh.S
100 0# - MAIN ENTRY--PERSONAL NAME
Personal name Khaled Qorany Abdelfadeel Hassan
245 12 - TITLE STATEMENT
Title A service discovery framework in ipv6 over low-power wireless personal area network /
Statement of responsibility, etc. Khaled Qorany Abdelfadeel Hassan ; Supervised Khaled Mohamed Fouad Elsayed
246 15 - VARYING FORM OF TITLE
Title proper/short title هيكل لاكتشاف الخدمة في الشبكات اللاسلكية ذات الطاقة المنخفضة الداعمة للإصدار السادس من بروتوكول الإنترنت
260 ## - PUBLICATION, DISTRIBUTION, ETC.
Place of publication, distribution, etc. Cairo :
Name of publisher, distributor, etc. Khaled Qorany Abdelfadeel Hassan ,
Date of publication, distribution, etc. 2016
300 ## - PHYSICAL DESCRIPTION
Extent 86 P. :
Other physical details charts , plans , facsimiles ;
Dimensions 30cm
502 ## - DISSERTATION NOTE
Dissertation note Thesis (M.Sc.) - Cairo University - Faculty of Engineering - Department of Electronics and Communication
520 ## - SUMMARY, ETC.
Summary, etc. In this thesis, we proposed a device and service discovery system, called 6LoWDIS for 6LoWPAN. We designed the 6LoWDIS protocol in which supports a lightweight message exchange scheme, allows a simple implementation, and has a small memory footprint. 6LoWDIS performance is highly dependent on the underlying multicast-forwarding scheme used in 6LoWPAN. Thus, we proposed a new multicast-forwarding scheme, called ESMRF. ESMRF is an enhanced version of the previous work: SMRF. ESMRF lets the lower nodes be able to send multicast traffic upward like downward the RPL tree
530 ## - ADDITIONAL PHYSICAL FORM AVAILABLE NOTE
Additional physical form available note Issued also as CD
653 #4 - INDEX TERM--UNCONTROLLED
Uncontrolled term 6LoWDIS
653 #4 - INDEX TERM--UNCONTROLLED
Uncontrolled term 6LoWPAN
653 #4 - INDEX TERM--UNCONTROLLED
Uncontrolled term Service discovery
700 0# - ADDED ENTRY--PERSONAL NAME
Personal name Khaled Mohamed Fouad Elsayed ,
Relator term
856 ## - ELECTRONIC LOCATION AND ACCESS
Uniform Resource Identifier <a href="http://172.23.153.220/th.pdf">http://172.23.153.220/th.pdf</a>
905 ## - LOCAL DATA ELEMENT E, LDE (RLIN)
Cataloger Enas
Reviser Cataloger
905 ## - LOCAL DATA ELEMENT E, LDE (RLIN)
Cataloger Nazla
Reviser Revisor
942 ## - ADDED ENTRY ELEMENTS (KOHA)
Source of classification or shelving scheme Dewey Decimal Classification
Koha item type Thesis
المقتنيات
Source of classification or shelving scheme Not for loan Home library Current library Date acquired Full call number Barcode Date last seen Koha item type Copy number
Dewey Decimal Classification   المكتبة المركزبة الجديدة - جامعة القاهرة قاعة الرسائل الجامعية - الدور الاول 11.02.2024 Cai01.13.08.M.Sc.2016.Kh.S 01010110070089000 22.09.2023 Thesis  
Dewey Decimal Classification   المكتبة المركزبة الجديدة - جامعة القاهرة مخـــزن الرســائل الجـــامعية - البدروم 11.02.2024 Cai01.13.08.M.Sc.2016.Kh.S 01020110070089000 22.09.2023 CD - Rom 70089.CD
Cairo University Libraries Portal Implemented & Customized by: Eng. M. Mohamady Contacts: new-lib@cl.cu.edu.eg | cnul@cl.cu.edu.eg
CUCL logo CNUL logo
© All rights reserved — Cairo University Libraries
CUCL logo
Implemented & Customized by: Eng. M. Mohamady Contact: new-lib@cl.cu.edu.eg © All rights reserved — New Central Library
CNUL logo
Implemented & Customized by: Eng. M. Mohamady Contact: cnul@cl.cu.edu.eg © All rights reserved — Cairo National University Library